Les joueurs ayant joué le plus de matchs au PSG - Statistiques

Statistiques générales
  • Ce quiz a été pris 350 fois
  • Le résultat moyen est 8 sur 20
Statistiques - réponses
Joueur Nombre de matchs Années d'activités Nationalité % Correct
Edinson Cavani 301 2013-2020 Uruguay
95%
Marco Verratti 328 2012- Italie
94%
Marquinhos 297 2013- Brésil
94%
Thiago Silva 315 2012-2020 Brésil
89%
Blaise Matuidi 295 2011-2017 France
66%
Javier Pastore 269 2011-2018 Argentine
66%
Safet Susic 344 1982-1991 Yougoslavie
47%
Bernard Lama 318 1992-1997 1998-2000 France
45%
Mustapha Dahleb 310 1974-1984 Algérie
45%
Luis Fernandez 273 1978-1986 France
38%
Sylvain Armand 380 2004-2013 France
32%
Jean-Marc Pilorget 435 1975-1987 1988-1989 France
24%
Paul Le Guen 344 1991-1998 France
20%
Joel Bats 285 1985-1992 France
11%
Daniel Bravo 280 1989-1996 France
8%
Edouard Cissé 259 1997-1998 1999-2002 2004-2007 France
4%
Dominique Baratelli 281 1978-1985 France
3%
Dominique Bathenay 273 1978-1985 France
3%
Jean-Claude Lemoult 266 1976-1986 France
1%
Éric Renault 290 1972-1975 1976-1982 France
0%
Aucun quiz correspondant
Distribution des résultats
% des personnes avec chaque résultat
Percentile par nombre de réponses
Votre historique - résultats
Vous n’avez pas pris ce quiz